00473nam a2200157Ia 4500008004100000041000800041082001200049100001600061245002100077250001400098260002500112300003100137365001100168999001700179952011900196240624s9999 xx 000 0 und d aeng a659 SOF aSOFAT RAJNI aBASIC ACCOUNTING a(2nd ed.) c2014aNew DelhibPHI axiv, : 570 : p. : cm. ; 24 cRSb33 c24453d24453 00104070aIMTNbIMTNcRack 35-Bd2015-09-15eIBHg395.00o659 SOFp24453r2024-06-24 00:00:00t1w2024-06-24yBK